| 000 | 01124cab a2200277 4500 | ||
|---|---|---|---|
| 001 | ##L133859 | ||
| 008 | 060613n2006 000 0 eng u | ||
| 035 | _a(Sirsi) u133859 | ||
| 041 | 0 | _aeng | |
| 100 | 1 | _aHarris, David | |
| 245 | 0 | 0 |
_aFocus _bNorth Wales and Cheshire |
| 260 | _c2006 | ||
| 490 | 0 |
_aEstates Gazette _v(0623) 10 June 2006, 123-143(11) |
|
| 520 | _aReports on a speculative office development in the historic city of Chester; further obstacles to Warrington's giant Omega warehousing and office development scheme; and plans for a new retail-led, mixed use scheme in Crewe. Also looks at the industrial market in Cheshire; and new interest from the private sector in large-scale commercial development in North Wales, where reliance on public sector money has been the norm. | ||
| 590 | _aIKA200606 | ||
| 651 | 4 | _aNORTH WALES | |
| 651 | 4 | _aCHESHIRE | |
| 651 | 4 | _aCHESTER | |
| 651 | 4 | _aWARRINGTON | |
| 651 | 4 | _aCREWE | |
| 690 | _aPROPERTY-COMMERCIAL PROPERTY-COMMERCIAL PROPERTY MARKET | ||
| 700 | 1 | _aThame, David | |
| 700 | 1 | _aQuinn, David | |
| 700 | 1 | _aCunningham, Daniel | |
| 942 | _n0 | ||
| 999 |
_c77231 _d77231 |
||